Nuevos modelos de organización (Registro nro. 17408)
[ vista simple ]
| 000 -LEADER | |
|---|---|
| fixed length control field | 00330 a2200109 4500 |
| 001 - CONTROL NUMBER | |
| control field | ART_2453 |
| 005 - DATE AND TIME OF LATEST TRANSACTION | |
| control field | 20260410161726.0 |
| 008 - FIXED-LENGTH DATA ELEMENTS--GENERAL INFORMATION | |
| fixed length control field | 260409a |
| 100 1# - MAIN ENTRY--PERSONAL NAME | |
| Personal name | Drucker, Peter Ferdinand |
| 245 10 - TITLE STATEMENT | |
| Title | Nuevos modelos de organización |
| 773 0# - HOST ITEM ENTRY | |
| Title | Administración de empresas |
| Related parts | - Año 5, Nº 60 (mar. 1975) |
| Record control number | REV2036 |
No hay ítems disponibles.